000 01468nam a2200289Ia 4500
999 _c54788
_d54788
001 21856
003 GE_BSU
005 20240301155924.0
008 181216s2017||||ge |||||||||||||| ||geo||
020 _a9789941252532
040 _cGE_BSU
041 _ageo
080 _a657.15(075.8) ჭ-46
100 _aჭილაძე, იზოლდა
_913244
245 _aბუღალტრული აღრიცხვა ბანკებში :
_bსახელმძღვანელო /
_cიზოლდა ჭილაძე ; რედაქტორები : ზეინაბ გოგრიჭიანი, გიორგი თორია.
264 _aთბილისი :
_bმერიდიანი,
_c2016.
300 _a244 გვ. ;
_c 29 სმ.
504 _aბიბლიოგრ. : გვ. 241
541 _h18 ლ.
653 _aბუღალტრული აღრიცხვა ბანკებში
653 _aეკონომიკა
653 _aსახელმძღვანელო
700 _aგოგრიჭიანი, ზეინაბ
_eრედაქტორი
_913245
700 _aთორია, გიორგი
_eრედაქტორი
_914071
856 _uhttps://tsu.ge/assets/media/files/7/biblioteka/bankebis%20agricxva.pdf
_yელ. ვერსია. ბუღალტრული აღრიცხვა ბანკებში
942 _cBK
_2udc